000 01089nam a2200313 i 4500
003 EG-GICUC
005 20260304200803.0
008 260304s1994 fr ||||fr|||| 00| 0 fre d
040 _aEG-GiCUC
_bfre
_cEG-GiCUC
_dEG-GiCUC
_eRda
082 0 4 _221
_a341.48
_bDI . R
092 0 4 _221
099 _aLaw1 11 341.48 DI . R 1994
100 1 _aDipla, Haritini
_eAuteur
245 1 3 _aLa Responsabilite De L'etat Pour Violation Des Droits De L'homme :
_bProblemes D'imputation /
_cHaritini Dipla ; Nicolas Valticos, Luigi Condorelli.
_n
264 1 _aparis :
_bEditions a. Pedone,
_c1994.
300 _a116page :
_billustration ;
_c 24 cm.
336 _2rda contenu
_a texte
337 _2rda medias
_aOrdinateur
338 _2 transporteur rda
_a Ressource en ligne
504 _a
546 _aTexte en français
650 1 4 _aDroit international public
_2
651 1 _2
700 1 _aValticos, Nicolas
_ePréfacier
700 1 _aCondorelli, Luigi
_ePréfacier
856 4 0 _uhttps://fll.law.cu.edu.eg/fulltext/bks/B11-08792.pdf
905 _a50
942 _2ddc
_cBK
_e21
_n0
999 _c64943
_d64943